[Event "Wisla op"]
[Site "Wisla"]
[Date "2009.05.10"]
[Round "9"]
[White "Zajaczkowski, Gwidon"]
[Black "Szydlowski, Wiktor"]
[Result "0-1"]
[WhiteElo "1739"]
[BlackElo "1859"]
[PlyCount "92"]
[EventDate "2009.05.04"]
[EventType "swiss"]
[EventRounds "11"]
[EventCountry "POL"]
[SourceTitle "EXT 2012"]
[Source "ChessBase"]
[SourceDate "2011.11.24"]
[SourceVersion "1"]
[SourceVersionDate "2011.11.24"]
[SourceQuality "1"]

1. f4 d5 2. Nf3 Nf6 3. d4 c5 4. e3 Bf5 5. Nbd2 e6 6. c3 Nc6 7. Bb5 a6 8. Bxc6+ bxc6 9. Qa4 Qb6 10. Ne5 Rc8 11. Ndf3 Be7 12. dxc5 Bxc5 13. Nd4 Bxd4 14. exd4 0-0 15. 0-0 Rfd8 16. b4 Ne4 17. Qb3 f6 18. g4 fxe5 19. gxf5 exd4 20. cxd4 exf5 21. Be3 Rb8 22. Rab1 Rd6 23. Kh1 Rh6 24. Rg1 Qd8 25. Qc2 Rb7 26. Rg2 Qe7 27. a3 Qf6 28. Rbg1 Rh3 29. Qe2 Re7 30. Qxa6 Rxe3 31. Qc8+ Qf8 32. Qxc6 Nf6 33. a4 Re1 34. b5 R1e6 35. Rxg7+ Qxg7 36. Rxg7+ Kxg7 37. Qc8 Kg6 38. a5 Re2 39. Qc3 Re1+ 40. Kg2 Ng4 41. Qg3 R7e2+ 42. Kf3 Re3+ 43. Kg2 Rxg3+ 44. hxg3 Rb1 45. b6 Ne3+ 46. Kf3 Nc4 0-1

[Event "Wisla op"]
[Site "Wisla"]
[Date "2009.05.09"]
[Round "8"]
[White "Szamrej, Jozef"]
[Black "Zajaczkowski, Gwidon"]
[Result "0-1"]
[WhiteElo "1794"]
[BlackElo "1739"]
[PlyCount "52"]
[EventDate "2009.05.04"]
[EventType "swiss"]
[EventRounds "11"]
[EventCountry "POL"]
[SourceTitle "EXT 2012"]
[Source "ChessBase"]
[SourceDate "2011.11.24"]
[SourceVersion "1"]
[SourceVersionDate "2011.11.24"]
[SourceQuality "1"]

1. e4 c5 2. Nf3 Nc6 3. d4 cxd4 4. Nxd4 e5 5. Nf3 Nf6 6. Nc3 Bb4 7. Bd2 d6 8. Bd3 Bg4 9. h3 Bh5 10. a3 Ba5 11. b4 Bb6 12. g4 Bg6 13. Qe2 Nd4 14. Nxd4 Bxd4 15. Rb1 Rc8 16. Nd1 0-0 17. c3 Bb6 18. f3 d5 19. Nf2 Bxf2+ 20. Kxf2 dxe4 21. fxe4 Bxe4 22. Bxe4 Nxe4+ 23. Qxe4 Qxd2+ 24. Kf1 Rxc3 25. Qe2 Qf4+ 26. Qf2 Rf3 0-1

[Event "Wisla op"]
[Site "Wisla"]
[Date "2009.05.05"]
[Round "2"]
[White "Zajaczkowski, Gwidon"]
[Black "Kujawa, Jozef"]
[Result "0-1"]
[WhiteElo "1739"]
[BlackElo "1904"]
[PlyCount "69"]
[EventDate "2009.05.04"]
[EventType "swiss"]
[EventRounds "11"]
[EventCountry "POL"]
[SourceTitle "EXT 2012"]
[Source "ChessBase"]
[SourceDate "2011.11.24"]
[SourceVersion "1"]
[SourceVersionDate "2011.11.24"]
[SourceQuality "1"]

1. f4 d5 2. Nf3 c5 3. e3 Nc6 4. b3 Nf6 5. Bb2 Bf5 6. Bb5 a6 7. Bxc6+ bxc6 8. Ne5 Rc8 9. d3 h5 10. h3 e6 11. Nd2 Nd7 12. 0-0 Nxe5 13. fxe5 g5 14. e4 Bg6 15. Qf3 Bg7 16. Rad1 Qc7 17. Qg3 Qe7 18. Nf3 Bh6 19. Ba3 g4 20. Nh4 Bh7 21. Rf6 Bg5 22. exd5 cxd5 23. Rdf1 Bxf6 24. Rxf6 Rg8 25. hxg4 Rxg4 26. Qf2 Rg7 27. d4 Qf8 28. Bxc5 Qg8 29. Qe2 Rc6 30. c4 Be4 31. Bd6 Rg4 32. Nf3 Rg3 33. Kh2 Qg7 34. c5 Qg4 35. Rf4 0-1